000 00972nam0a22002411i 4500
001 rc\3321467
005 20240723235043.0
021 _aRU
_b[72-14887а]
035 _a(NLR Aleph) 007420086
090 _a6906608
_c6906608
100 _a20130115d1972 |||y0rusy50 ca
101 0 _arus
102 _aRU
105 _ay d |||||
200 1 _aЭкономические проблемы индустриализации сельского хозяйства СССР
_e(Вопросы теории и методологии)
_eАвтореф. дис. на соискание учен. степени д-ра экон. наук
_e(590)
_f[МГУ]
210 _aМосква
_cИзд-во Моск. ун-та
_d1972
215 _a52 с.
320 _aСписок работ авт.: с. 48-52 (47 назв.)
700 1 _aИльин
_bС.С.
_gСергей Сергеевич
801 0 _aRU
_bNLR
_gpsbo
801 1 _aRU
_bELAR
_2rusmarc
852 _aNLR
_j72-6/12229
942 _cBOOK